Представление документа в формате RUSMARC

Поле Инд. ПП Название Значение
Тип записи a
Библиографический уровень a
001 Контрольный номер e369106b024544eabcbd7ae45ebfcc32
005 Дата корректировки 20181120134553.3
100 a Данные общей обработки 20180821 ||| 0rusy0189 ca
101 0_ a Язык текста rus
102 a Страна публикации RU
200 1_ f Первые сведения об ответственности Е.В. Брянская
a Заглавие К вопросу о свойствах доказательств в уголовном судопроизводстве
210 d Дата издания 2018
461 _0 1 2000
a Российская юстиция
463 _0 1 2000
a №6
v С. 41-43
1 2101
d 2018
1 001de1f663a1d144a0f94020a98ce4f0d96
606 a Основная рубрика Уголовно-процессуальное право
610 0_ a Ключевые слова УГОЛОВНЫЙ ПРОЦЕСС
a Ключевые слова ДОКАЗАТЕЛЬСТВА И ДОКАЗЫВАНИЕ ПО УГОЛОВНЫМ ДЕЛАМ
700 _1 a Фамилия Брянская
b Имя Е.В.
801 _0 a Страна RU
b Организация РГУП
c Дата составления 20180821
g Правила каталогизации PSBO
801 _1 a Страна RU
b Организация РГУП
c Дата составления 20180821
g Правила каталогизации PSBO
901 t Тип документа b
w Контрольный № источника de1f663a1d144a0f94020a98ce4f0d96
905 a Дата ввода 20180821